Science Quiz

Random Science or Clickable Quiz

Post traumatic Stress Disorder Quiz Stats

Quiz not verified by Sporcle

Also try: Animals by Species
Challenge
Share
Tweet
Embed
Score 0/18 Timer 20:00
0 Plays Today
% Correct
TRUE
90%
LOWER
77.8%
Sleep & Nightmares
77.8%
1 month
75%
Avoidance
75%
Depression & Alcohol Disorder
72.2%
Amygdala & Medial Prefrontal Cortex
72.2%
Exposure Therapy
72.2%
Too much Norepinephrine & too little Cortisol
72.2%
% Correct
SSRI's (Sertraline & Paroxetine) & Prazosin
72.2%
Benzodiazepine
72.2%
INCREASED
66.7%
Arousal and Reactivity
65%
DECREASED
61.1%
Prolonged Exposure, Eye Movement Desensitization Reprocessing (EMDR) & Trauma-focused Cognitive-Behavioral Therapy
61.1%
Norepinephrine
55.6%
Intrusion
55%
Negative Alterations in Cognition-Mood
50%

You're not logged in!

Compare scores with friends on all Sporcle quizzes.
Join for Free
OR
Log In

You Might Also Like...

Show Comments

Extras

Created Apr 10, 2017ReportNominate
Tags:Clickable Quiz, disorder, post, stress

Top Quizzes Today


Score Distribution

Your Account Isn't Verified!

In order to create a playlist on Sporcle, you need to verify the email address you used during registration. Go to your Sporcle Settings to finish the process.

Report this User

Report this user for behavior that violates our Community Guidelines.

Details: